00535 2200205 4500001002100000005001500021035002000036245007400056100001700130250000600147300003100153700001900184260003800203082000800241084001400249020002200263600001000285990001700295990001700312INLIS00000000000165020231122084851 a0010-11230000381 aSistem Perkembangbiakan Hewan /cJoko Pramono; Editor, Agnes Audina K0 aJoko Pramono a- a58 hlm. :bilus. ;c25 cm.0 aAgnes Audina K aSidoarjo :bMedia Prestasi,c2018 a590 a590 JOK s a978-602-74613-1-4 4aHewan a05210/P/2023 a05211/P/2023